The technique of film and video editing : (Record no. 28387)
[ view plain ]
| 000 -LEADER | |
|---|---|
| fixed length control field | 01057cam a22003015i 4500 |
| 001 - CONTROL NUMBER | |
| control field | 019133250 |
| 003 - CONTROL NUMBER IDENTIFIER | |
| control field | EG-ScBUE |
| 005 - DATE AND TIME OF LATEST TRANSACTION | |
| control field | 20200322103523.0 |
| 008 - FIXED-LENGTH DATA ELEMENTS--GENERAL INFORMATION | |
| fixed length control field | 181115s2019 enka f b 001 0 eng d |
| 020 ## - INTERNATIONAL STANDARD BOOK NUMBER | |
| Cancelled/invalid ISBN | 9781138628403 (pbk.) |
| 040 ## - CATALOGING SOURCE | |
| Original cataloging agency | StDuBDS |
| Language of cataloging | eng |
| Description conventions | rda |
| Transcribing agency | StDuBDS |
| Modifying agency | EG-ScBUE |
| 082 04 - DEWEY DECIMAL CLASSIFICATION NUMBER | |
| Classification number | 778.5235 |
| Item number | DAN |
| Edition number | 22 |
| 100 1# - MAIN ENTRY--PERSONAL NAME | |
| Personal name | Dancyger, Ken, |
| Relator term | author. |
| 245 14 - TITLE STATEMENT | |
| Title | The technique of film and video editing : |
| Remainder of title | history, theory, and practice / |
| Statement of responsibility, etc | Ken Dancyger. |
| 250 ## - EDITION STATEMENT | |
| Edition statement | Sixth edition. |
| 264 #1 - PUBLICATION, DISTRIBUTION, ETC. (IMPRINT) | |
| Place of publication, distribution, etc | Abingdon, Oxon ; |
| -- | New York : |
| Name of publisher, distributor, etc | Routledge / Taylor & Francis Group, |
| Date of publication, distribution, etc | 2019. |
| 300 ## - PHYSICAL DESCRIPTION | |
| Extent | xxv, 511 pages : |
| Other physical details | illustrations (black and white) ; |
| Dimensions | 26 cm |
| 336 ## - CONTENT TYPE | |
| Content type term | text |
| Content type code | txt |
| Source | rdacontent |
| 337 ## - MEDIA TYPE | |
| Media type term | unmediated |
| Media type code | n |
| Source | rdamedia |
| 338 ## - CARRIER TYPE | |
| Carrier type term | volume |
| Carrier type code | nc |
| Source | rdacarrier |
| 504 ## - BIBLIOGRAPHY, ETC. NOTE | |
| Bibliography, etc | Includes bibliographical references and index. |
| 650 #7 - SUBJECT ADDED ENTRY--TOPICAL TERM | |
| Topical term or geographic name as entry element | Motion pictures |
| General subdivision | Editing. |
| Source of heading or term | BUEsh |
| 650 #7 - SUBJECT ADDED ENTRY--TOPICAL TERM | |
| Topical term or geographic name as entry element | Video tapes |
| General subdivision | Editing. |
| Source of heading or term | BUEsh |
| 650 #7 - SUBJECT ADDED ENTRY--TOPICAL TERM | |
| Topical term or geographic name as entry element | Digital video |
| General subdivision | Editing. |
| Source of heading or term | BUEsh |
| 653 ## - INDEX TERM--UNCONTROLLED | |
| Resource For college | Communication and mass media |
| Arrived date list | March2020 |
| 655 ## - INDEX TERM--GENRE/FORM | |
| Form subdivision | Text book |
| 9 (RLIN) | 33728 |
| 942 ## - ADDED ENTRY ELEMENTS (KOHA) | |
| Source of classification or shelving scheme | Dewey Decimal Classification |
| Koha item type | Book - Borrowing |
| Withdrawn status | Lost status | Source of classification or shelving scheme | Damaged status | Not for loan | Collection code | Home library | Current library | Shelving location | Date acquired | Source of acquisition | Total Checkouts | Total Renewals | Full call number | Barcode | Date last seen | Date checked out | Price effective from | Koha item type |
|---|---|---|---|---|---|---|---|---|---|---|---|---|---|---|---|---|---|---|
| Dewey Decimal Classification | Baccah | Central Library | Central Library | Second Floor | 22/03/2020 | Purchase | 1 | 14 | 778.5235 DAN | 000049099 | 21/08/2024 | 15/12/2020 | 22/03/2020 | Book - Borrowing | ||||
| Dewey Decimal Classification | Baccah | Central Library | Central Library | Second Floor | 22/03/2020 | Purchase | 778.5235 DAN | 000049100 | 15/07/2025 | 22/03/2020 | NB - Book (Non borrowing) | |||||||
| Dewey Decimal Classification | Baccah | Central Library | Central Library | Second Floor | 22/03/2020 | Purchase | 1 | 9 | 778.5235 DAN | 000049101 | 15/07/2025 | 28/11/2020 | 22/03/2020 | Book - Borrowing | ||||
| Dewey Decimal Classification | Baccah | Central Library | Central Library | Second Floor | 22/03/2020 | Purchase | 1 | 778.5235 DAN | 000049102 | 15/07/2025 | 24/10/2020 | 22/03/2020 | Book - Borrowing | |||||
| Dewey Decimal Classification | Baccah | Central Library | Central Library | Second Floor | 22/03/2020 | Purchase | 778.5235 DAN | 000049103 | 15/07/2025 | 22/03/2020 | Book - Borrowing |